| 000 | 00514nam a2200181Ia 4500 | ||
|---|---|---|---|
| 003 | GCL | ||
| 008 | 140319s9999 xx 000 0 eng d | ||
| 040 |
_aGCL / _cGCL |
||
| 082 | 0 | 4 |
_a004.6 _bL E |
| 100 | 1 | _aLAQUEY, TRACY | |
| 245 | 1 | 0 |
_aTHE EUROPEAN INTERNET COMPANION: A BEGINNER'S GUIDE TO GLOBAL NETWORKING / _cLAQUEY, TRACY |
| 260 |
_a[S.N] : _bADDISON - WESLEY PUBLISHING COMPANY ، _c1995 |
||
| 300 | _a272 P | ||
| 650 | 0 | 4 | _aCOMPUTER |
| 650 | 0 | 4 | _aCOMMUNICATION |
| 650 | 0 | 4 | _aINTERNET |
| 942 |
_2ddc _cBK |
||
| 999 |
_c13366 _d13366 |
||